[Event "Bundesliga 0102"]
[Site "Deutschland"]
[Date "2002.02.01"]
[Round "5.4"]
[White "Hansen, Curt"]
[Black "Kveinys, Aloyzas"]
[Result "1/2-1/2"]
[WhiteElo "2626"]
[BlackElo "2535"]
[PlyCount "130"]
[EventDate "2001.10.06"]
[EventType "team"]
[EventRounds "15"]
[EventCountry "GER"]
[SourceTitle "Bundesliga 0102"]
[Source "DeepChess"]
[SourceDate "2005.01.01"]
[SourceVersion "1"]
[SourceVersionDate "2005.01.01"]
[SourceQuality "1"]
[WhiteTeam "SG Porz e.V."]
[BlackTeam "Godesberger SK 1929"]
[WhiteTeamCountry "GER"]
[BlackTeamCountry "GER"]

1. d4 Nf6 2. c4 e6 3. Nf3 b6 4. a3 Ba6 5. Qc2 Bb7 6. Nc3 c5 7. e4 cxd4 8. Nxd4
Nc6 9. Nxc6 Bxc6 10. Qe2 d6 11. g3 Be7 12. Bg2 O-O 13. O-O Nd7 14. Rd1 Qb8 15.
Bf4 Rc8 16. b3 a6 17. a4 Bf8 18. h4 Ra7 19. Rd2 Nc5 20. Qd1 Qa8 21. Bxd6 Nxe4
22. Nxe4 Bxe4 23. Bxe4 Qxe4 24. Bxf8 Rxf8 25. Rd6 Rb7 26. a5 bxa5 27. Rxa5 Rxb3
28. Qxb3 Qe1+ 29. Kg2 Qxa5 30. Qb7 Qc5 31. Rc6 Qd4 32. Rc8 g5 33. hxg5 Rxc8 34.
Qxc8+ Kg7 35. Qxa6 Qe4+ 36. Kh2 Qe2 37. Qa1+ e5 38. Kg1 Qxc4 39. Qxe5+ Kg8 40.
Qe8+ Kg7 41. Qe5+ Kg8 42. Kg2 Qc6+ 43. Kh2 h6 44. Qb8+ Kg7 45. Qb2+ Kg8 46. Qd2
hxg5 47. Qxg5+ Kh7 48. Qf5+ Kg7 49. g4 Qd6+ 50. Kg2 Qc6+ 51. Qf3 Qd6 52. Qe4
Qd1 53. f3 Qd2+ 54. Kg3 Qc1 55. Qd4+ Kg6 56. f4 Qe1+ 57. Qf2 Qc3+ 58. Qf3 Qe1+
59. Kg2 Qd2+ 60. Kh3 Qd4 61. Kh4 Qh8+ 62. Kg3 Qd4 63. Qc6+ Kg7 64. g5 f6 65.
gxf6+ Qxf6 1/2-1/2

[Event "Bundesliga 0102"]
[Site "Deutschland"]
[Date "2002.02.01"]
[Round "5.5"]
[White "Breder, Dennis"]
[Black "Graf, Alexander"]
[Result "1/2-1/2"]
[WhiteElo "2411"]
[BlackElo "2610"]
[PlyCount "47"]
[EventDate "2001.10.06"]
[EventType "team"]
[EventRounds "15"]
[EventCountry "GER"]
[SourceTitle "Bundesliga 0102"]
[Source "DeepChess"]
[SourceDate "2005.01.01"]
[SourceVersion "1"]
[SourceVersionDate "2005.01.01"]
[SourceQuality "1"]
[WhiteTeam "Godesberger SK 1929"]
[BlackTeam "SG Porz e.V."]
[WhiteTeamCountry "GER"]
[BlackTeamCountry "GER"]

1. e4 c5 2. Nf3 e6 3. d4 cxd4 4. Nxd4 Nf6 5. Nc3 d6 6. g4 h6 7. h3 Nc6 8. Be3
a6 9. Bg2 Be7 10. f4 Qc7 11. Qf3 Nxd4 12. Bxd4 e5 13. Be3 exf4 14. Bxf4 Be6 15.
O-O-O Nd7 16. Kb1 Rc8 17. Rd2 Bf6 18. Rxd6 Qc5 19. Rhd1 Bxc3 20. Qxc3 Qxc3 21.
bxc3 Nc5 22. R6d4 O-O 23. Bd6 Rfe8 24. Kb2 1/2-1/2

[Event "Bundesliga 0102"]
[Site "Deutschland"]
[Date "2002.02.01"]
[Round "5.6"]
[White "Van den Doel, Erik"]
[Black "Jackelen, Thomas"]
[Result "1-0"]
[WhiteElo "2607"]
[BlackElo "2392"]
[PlyCount "53"]
[EventDate "2001.10.06"]
[EventType "team"]
[EventRounds "15"]
[EventCountry "GER"]
[SourceTitle "Bundesliga 0102"]
[Source "DeepChess"]
[SourceDate "2005.01.01"]
[SourceVersion "1"]
[SourceVersionDate "2005.01.01"]
[SourceQuality "1"]
[WhiteTeam "SG Porz e.V."]
[BlackTeam "Godesberger SK 1929"]
[WhiteTeamCountry "GER"]
[BlackTeamCountry "GER"]

1. e4 e6 2. d4 d5 3. Nc3 Nf6 4. Bg5 dxe4 5. Nxe4 Be7 6. Bxf6 Bxf6 7. Nf3 Nd7 8.
Qd2 O-O 9. O-O-O Be7 10. Bc4 Nf6 11. Qe2 a6 12. Ne5 b5 13. Bd3 Bb7 14. Kb1 Nd5
15. Nc5 Bxc5 16. dxc5 Nf4 17. Qg4 Nxd3 18. Rxd3 Bd5 19. Rg3 g6 20. h4 Kh8 21.
Qf4 Qe7 22. h5 g5 23. Rxg5 Rad8 24. c6 Be4 25. Nd7 f6 26. Rg3 Bf5 27. Re3 1-0

[Event "Bundesliga 0102"]
[Site "Deutschland"]
[Date "2002.02.01"]
[Round "5.7"]
[White "Reinderman, Dimitri"]
[Black "Schmidt, Bodo"]
[Result "1-0"]
[WhiteElo "2537"]
[BlackElo "2360"]
[PlyCount "73"]
[EventDate "2001.10.06"]
[EventType "team"]
[EventRounds "15"]
[EventCountry "GER"]
[SourceTitle "Bundesliga 0102"]
[Source "DeepChess"]
[SourceDate "2005.01.01"]
[SourceVersion "1"]
[SourceVersionDate "2005.01.01"]
[SourceQuality "1"]
[WhiteTeam "SG Porz e.V."]
[BlackTeam "Godesberger SK 1929"]
[WhiteTeamCountry "GER"]
[BlackTeamCountry "GER"]

1. e4 e6 2. d3 d5 3. Nd2 Nf6 4. Ngf3 Nc6 5. c3 a5 6. e5 Nd7 7. d4 f6 8. Bb5 Na7
9. Ba4 b5 10. Bc2 f5 11. h4 Be7 12. a4 b4 13. Nb3 h6 14. Nxa5 c5 15. cxb4 c4
16. Bd2 Qb6 17. b5 O-O 18. h5 Qc7 19. Nh4 Rf7 20. Ng6 Bd8 21. g4 f4 22. Bb1 Qb6
23. Qc2 Qxd4 24. Ne7+ Kf8 25. Nec6 Qc5 26. b4 Qb6 27. Qh7 Nxc6 28. Qh8+ Ke7 29.
Nxc6+ Qxc6 30. bxc6 Nxe5 31. Bg6 Bc7 32. b5 Bd6 33. Bxf7 Kxf7 34. Qd8 Be7 35.
Qc7 Nd3+ 36. Kf1 e5 37. b6 1-0

[Event "Bundesliga 0102"]
[Site "Deutschland"]
[Date "2002.02.01"]
[Round "5.8"]
[White "Seger, Ruediger"]
[Black "Nijboer, Friso"]
[Result "0-1"]
[WhiteElo "2400"]
[BlackElo "2551"]
[PlyCount "122"]
[EventDate "2001.10.06"]
[EventType "team"]
[EventRounds "15"]
[EventCountry "GER"]
[SourceTitle "Bundesliga 0102"]
[Source "DeepChess"]
[SourceDate "2005.01.01"]
[SourceVersion "1"]
[SourceVersionDate "2005.01.01"]
[SourceQuality "1"]
[WhiteTeam "Godesberger SK 1929"]
[BlackTeam "SG Porz e.V."]
[WhiteTeamCountry "GER"]
[BlackTeamCountry "GER"]

1. e4 c5 2. c3 Nf6 3. e5 Nd5 4. d4 cxd4 5. Nf3 Nc6 6. Bc4 Nb6 7. Bb3 d5 8. exd6
Qxd6 9. O-O Be6 10. Na3 dxc3 11. Nb5 Qxd1 12. Rxd1 Rc8 13. Bxe6 fxe6 14. Nxc3
g6 15. Re1 Bg7 16. Rxe6 O-O 17. Re2 Nc4 18. Rb1 Rfd8 19. Kf1 e5 20. b3 Nd4 21.
Re1 Nc2 22. bxc4 Nxe1 23. Kxe1 Rxc4 24. Nd1 Rc2 25. a3 b6 26. Ne3 Ra2 27. Ng5
Rd3 28. Ne4 h5 29. Rb4 Rd4 30. Nc3 Ra1 31. Rb1 Rxb1 32. Nxb1 Kf7 33. Bb2 Rd7
34. Ke2 Ke6 35. Nd2 Rc7 36. Ne4 Bh6 37. Kd3 Bxe3 38. fxe3 b5 39. Nc3 a6 40. e4
Rf7 41. Ke2 g5 42. Nd5 g4 43. Bc3 h4 44. Nb4 Rf4 45. Ke3 h3 46. Nd3 g3 47. hxg3
h2 48. gxf4 exf4+ 49. Nxf4+ Kd7 50. e5 h1=Q 51. e6+ Kc6 52. e7 Kd7 53. Nd5 Qxg2
54. Kd4 Qf2+ 55. Ke5 Qe2+ 56. Kd4 Kc6 57. Bb4 Qe6 58. Nf4 Qd7+ 59. Kc3 a5 60.
Bxa5 Qxe7 61. Bb4 Qe5+ 0-1

[Event "Bundesliga 0102"]
[Site "Deutschland"]
[Date "2002.02.01"]
[Round "5.1"]
[White "Shirov, Alexei"]
[Black "Kempinski, Robert"]
[Result "1-0"]
[WhiteElo "2706"]
[BlackElo "2595"]
[PlyCount "65"]
[EventDate "2001.10.06"]
[EventType "team"]
[EventRounds "15"]
[EventCountry "GER"]
[SourceTitle "Bundesliga 0102"]
[Source "DeepChess"]
[SourceDate "2005.01.01"]
[SourceVersion "1"]
[SourceVersionDate "2005.01.01"]
[SourceQuality "1"]
[WhiteTeam "Luebecker SV von 1873 "]
[BlackTeam "Hamburger SK 1830 e.V."]
[WhiteTeamCountry "GER"]
[BlackTeamCountry "GER"]

1. d4 Nf6 2. c4 g6 3. Nc3 Bg7 4. e4 O-O 5. Be2 d6 6. Nf3 e5 7. O-O Na6 8. Be3
Ng4 9. Bg5 Qe8 10. dxe5 h6 11. Bd2 dxe5 12. h3 Nf6 13. Be3 b6 14. a3 Bb7 15.
Qc2 Nh5 16. Rfe1 Kh8 17. b4 Nf4 18. Bxf4 exf4 19. e5 c5 20. Nd5 Rc8 21. b5 Nc7
22. Nxf4 Ne6 23. Nd5 Nd4 24. Nxd4 cxd4 25. Bf3 Bxd5 26. Bxd5 Qxb5 27. Qd3 Qc5
28. Rab1 a6 29. a4 Rb8 30. e6 fxe6 31. Rxe6 g5 32. Qg6 Rf4 33. g3 1-0

[Event "Bundesliga 0102"]
[Site "Deutschland"]
[Date "2002.02.01"]
[Round "5.2"]
[White "Ftacnik, Lubomir"]
[Black "Adams, Michael"]
[Result "1/2-1/2"]
[WhiteElo "2580"]
[BlackElo "2744"]
[PlyCount "64"]
[EventDate "2001.10.06"]
[EventType "team"]
[EventRounds "15"]
[EventCountry "GER"]
[SourceTitle "Bundesliga 0102"]
[Source "DeepChess"]
[SourceDate "2005.01.01"]
[SourceVersion "1"]
[SourceVersionDate "2005.01.01"]
[SourceQuality "1"]
[WhiteTeam "Hamburger SK 1830 e.V."]
[BlackTeam "Luebecker SV von 1873 "]
[WhiteTeamCountry "GER"]
[BlackTeamCountry "GER"]

1. Nf3 Nf6 2. c4 e6 3. Nc3 Bb4 4. g3 O-O 5. Bg2 d5 6. a3 Be7 7. d4 dxc4 8. Ne5
Nc6 9. Nxc6 bxc6 10. Bxc6 Rb8 11. O-O Bb7 12. Bxb7 Rxb7 13. e4 Rb3 14. Be3 Rxb2
15. Qa4 Ng4 16. Qxc4 Bg5 17. Nd1 Nxe3 18. fxe3 Rb6 19. Rc1 c6 20. Rc3 h5 21.
Nf2 h4 22. e5 Qd5 23. Qxd5 cxd5 24. Nh3 Bd8 25. Rfc1 hxg3 26. hxg3 a5 27. Nf4
Be7 28. Nd3 a4 29. Kf2 g6 30. Ke2 Rfb8 31. Rc8+ Rxc8 32. Rxc8+ Kg7 1/2-1/2

[Event "Bundesliga 0102"]
[Site "Deutschland"]
[Date "2002.02.01"]
[Round "5.6"]
[White "Wilhelmi, Christian"]
[Black "Hansen, Lars Bo"]
[Result "1/2-1/2"]
[WhiteElo "2440"]
[BlackElo "2586"]
[PlyCount "85"]
[EventDate "2001.10.06"]
[EventType "team"]
[EventRounds "15"]
[EventCountry "GER"]
[SourceTitle "Bundesliga 0102"]
[Source "DeepChess"]
[SourceDate "2005.01.01"]
[SourceVersion "1"]
[SourceVersionDate "2005.01.01"]
[SourceQuality "1"]
[WhiteTeam "Hamburger SK 1830 e.V."]
[BlackTeam "Luebecker SV von 1873 "]
[WhiteTeamCountry "GER"]
[BlackTeamCountry "GER"]

1. d4 d5 2. c4 c6 3. Nf3 Nf6 4. e3 e6 5. Nbd2 Nbd7 6. Bd3 b6 7. O-O Bb7 8. e4
dxe4 9. Nxe4 Be7 10. Nxf6+ Nxf6 11. Bg5 c5 12. dxc5 bxc5 13. Ne5 Qc7 14. Qa4+
Nd7 15. Bf4 Bd6 16. Qxd7+ Qxd7 17. Nxd7 Kxd7 18. Be3 a5 19. Rfd1 Kc7 20. Rd2 h6
21. Rad1 Rhd8 22. h4 Bc6 23. f3 Rd7 24. Kf2 Rad8 25. Bc2 Kb6 26. b3 f5 27. g3
Be7 28. Rxd7 Rxd7 29. Rxd7 Bxd7 30. f4 Bf6 31. Bd1 Be8 32. Bf3 Bc3 33. Ke2 a4
34. Kd3 Be1 35. Ke2 Bb4 36. Bc1 Bc3 37. Kd3 Be1 38. Be3 axb3 39. axb3 g6 40.
Bd2 Bxd2 41. Kxd2 h5 42. Kc3 Ka5 43. Ba8 1/2-1/2

[Event "Bundesliga 0102"]
[Site "Deutschland"]
[Date "2002.02.01"]
[Round "5.7"]
[White "De Firmian, Nick E"]
[Black "Reeh, Oliver"]
[Result "1/2-1/2"]
[WhiteElo "2552"]
[BlackElo "2416"]
[PlyCount "70"]
[EventDate "2001.10.06"]
[EventType "team"]
[EventRounds "15"]
[EventCountry "GER"]
[SourceTitle "Bundesliga 0102"]
[Source "DeepChess"]
[SourceDate "2005.01.01"]
[SourceVersion "1"]
[SourceVersionDate "2005.01.01"]
[SourceQuality "1"]
[WhiteTeam "Luebecker SV von 1873 "]
[BlackTeam "Hamburger SK 1830 e.V."]
[WhiteTeamCountry "GER"]
[BlackTeamCountry "GER"]

1. e4 c5 2. Nf3 d6 3. d4 cxd4 4. Nxd4 Nf6 5. Nc3 Nc6 6. Bc4 e6 7. Be3 Bd7 8. f4
Be7 9. Qf3 Nxd4 10. Bxd4 Rc8 11. Bb3 b5 12. Bxa7 b4 13. Ne2 Bc6 14. Ng3 h5 15.
h4 d5 16. e5 d4 17. Qd3 Nd5 18. Qxd4 Bxh4 19. Qf2 Qe7 20. Rh3 g6 21. Bc5 Bxg3
22. Rxg3 Qh4 23. Rf3 Qh1+ 24. Qf1 Qxf1+ 25. Rxf1 Bb5 26. Bd6 Bxf1 27. Kxf1 h4
28. Kf2 f5 29. exf6 Kf7 30. a3 bxa3 31. Rxa3 Ra8 32. Bxd5 Rxa3 33. Bxe6+ Kxe6
34. Bxa3 Rc8 35. c3 Kxf6 1/2-1/2

[Event "Bundesliga 0102"]
[Site "Deutschland"]
[Date "2002.02.01"]
[Round "5.8"]
[White "Sebastian, Dirk"]
[Black "Hector, Jonny"]
[Result "0-1"]
[WhiteElo "2361"]
[BlackElo "2552"]
[PlyCount "80"]
[EventDate "2001.10.06"]
[EventType "team"]
[EventRounds "15"]
[EventCountry "GER"]
[SourceTitle "Bundesliga 0102"]
[Source "DeepChess"]
[SourceDate "2005.01.01"]
[SourceVersion "1"]
[SourceVersionDate "2005.01.01"]
[SourceQuality "1"]
[WhiteTeam "Hamburger SK 1830 e.V."]
[BlackTeam "Luebecker SV von 1873 "]
[WhiteTeamCountry "GER"]
[BlackTeamCountry "GER"]

1. e4 e5 2. Nf3 Nc6 3. d4 exd4 4. Nxd4 Qf6 5. Nxc6 Bc5 6. Qd2 dxc6 7. Nc3 Qe7
8. Bd3 Nf6 9. O-O O-O 10. Qg5 h6 11. Qh4 Re8 12. Bd2 Be6 13. Rae1 Bd4 14. Qg3
Kh8 15. e5 Ng8 16. Kh1 Qd7 17. Qh4 Bc5 18. Ne4 Be7 19. Qg3 c5 20. Bc3 Qc6 21.
Re3 c4 22. Be2 Bf8 23. f4 Ne7 24. Bg4 Nf5 25. Bxf5 Bxf5 26. Qf3 b5 27. g4 Be6
28. f5 Bd5 29. e6 b4 30. Be5 f6 31. Bf4 b3 32. axb3 cxb3 33. c3 a5 34. g5 fxg5
35. Be5 a4 36. Rfe1 a3 37. Qh5 Bxe4+ 38. Rxe4 axb2 39. Qxh6+ Kg8 40. Qg6 Qxe4+
0-1

[Event "Bundesliga 0102"]
[Site "Deutschland"]
[Date "2002.02.01"]
[Round "5.1"]
[White "Hracek, Zbynek"]
[Black "Lamprecht, Frank"]
[Result "1-0"]
[WhiteElo "2610"]
[BlackElo "2399"]
[PlyCount "65"]
[EventDate "2001.10.06"]
[EventType "team"]
[EventRounds "15"]
[EventCountry "GER"]
[SourceTitle "Bundesliga 0102"]
[Source "DeepChess"]
[SourceDate "2005.01.01"]
[SourceVersion "1"]
[SourceVersionDate "2005.01.01"]
[SourceQuality "1"]
[WhiteTeam "SAbt SV Werder Bremen"]
[BlackTeam "SC Koenigsspringer 1984 Hamburg"]
[WhiteTeamCountry "GER"]
[BlackTeamCountry "GER"]

1. e4 e6 2. d4 d5 3. Nd2 c5 4. Ngf3 cxd4 5. exd5 Qxd5 6. Bc4 Qd6 7. O-O Nf6 8.
Re1 Nc6 9. Ne4 Nxe4 10. Rxe4 Qc5 11. Bd3 Be7 12. Nxd4 Nxd4 13. Rxd4 Bf6 14. Rc4
Qd5 15. Qe2 O-O 16. Be4 Qe5 17. c3 g6 18. g3 Rd8 19. a4 Qd6 20. Be3 e5 21. Rb4
Qe7 22. a5 a6 23. Rb6 Rb8 24. Qf3 Bg7 25. h4 h6 26. Rd1 Rxd1+ 27. Qxd1 Bf8 28.
Qd5 Kg7 29. Qd2 Kh7 30. h5 Be6 31. Qc2 Qe8 32. hxg6+ fxg6 33. Bxb7 1-0

[Event "Bundesliga 0102"]
[Site "Deutschland"]
[Date "2002.02.01"]
[Round "5.2"]
[White "Pajeken, Wolfgang"]
[Black "Babula, Vlastimil"]
[Result "0-1"]
[WhiteElo "2339"]
[BlackElo "2566"]
[PlyCount "67"]
[EventDate "2001.10.06"]
[EventType "team"]
[EventRounds "15"]
[EventCountry "GER"]
[SourceTitle "Bundesliga 0102"]
[Source "DeepChess"]
[SourceDate "2005.01.01"]
[SourceVersion "1"]
[SourceVersionDate "2005.01.01"]
[SourceQuality "1"]
[WhiteTeam "SC Koenigsspringer 1984 Hamburg"]
[BlackTeam "SAbt SV Werder Bremen"]
[WhiteTeamCountry "GER"]
[BlackTeamCountry "GER"]

1. d4 Nf6 2. c4 e6 3. Nf3 b6 4. g3 Ba6 5. b3 b5 6. Bg2 bxc4 7. Ne5 Bb4+ 8. Kf1
d5 9. bxc4 O-O 10. c5 Nfd7 11. Nxd7 Qxd7 12. Bd2 Qb5 13. Be3 Nc6 14. Bf3 e5 15.
dxe5 d4 16. Bf4 Rad8 17. Nd2 d3 18. e3 Bxd2 19. Qxd2 g5 20. Bxg5 Nxe5 21. e4 f6
22. Bxf6 Nxf3 23. Qf4 Rxf6 24. Qxf6 Rf8 25. Qe6+ Kg7 26. Kg2 Bc8 27. Qe7+ Rf7
28. Qd8 Qd7 29. Qxd7 Bxd7 30. Rhd1 d2 31. e5 Bc6 32. e6 Re7 33. Kh3 Rxe6 34.
Kg4 0-1

[Event "Bundesliga 0102"]
[Site "Deutschland"]
[Date "2002.02.01"]
[Round "5.3"]
[White "Schandorff, Lars"]
[Black "Hochgraefe, Markus"]
[Result "1/2-1/2"]
[WhiteElo "2551"]
[BlackElo "2334"]
[PlyCount "77"]
[EventDate "2001.10.06"]
[EventType "team"]
[EventRounds "15"]
[EventCountry "GER"]
[SourceTitle "Bundesliga 0102"]
[Source "DeepChess"]
[SourceDate "2005.01.01"]
[SourceVersion "1"]
[SourceVersionDate "2005.01.01"]
[SourceQuality "1"]
[WhiteTeam "SAbt SV Werder Bremen"]
[BlackTeam "SC Koenigsspringer 1984 Hamburg"]
[WhiteTeamCountry "GER"]
[BlackTeamCountry "GER"]

1. d4 d5 2. c4 e6 3. Nf3 Nf6 4. g3 c6 5. Qc2 Bd6 6. Nbd2 O-O 7. Bg2 Nbd7 8. O-O
Re8 9. b3 e5 10. cxd5 cxd5 11. dxe5 Nxe5 12. Bb2 Bg4 13. Bxe5 Bxe5 14. Nxe5
Rxe5 15. Nf3 Re7 16. Nd4 Rc8 17. Qb2 Qe8 18. e3 Rec7 19. Rfc1 Qd7 20. Rxc7 Qxc7
21. f3 Bd7 22. Qd2 h6 23. a4 a5 24. Bf1 Qc5 25. Ra2 Qc3 26. Kf2 Kf8 27. Qxc3
Rxc3 28. Ra1 Ke7 29. Ke2 Rc8 30. Kd2 h5 31. Bd3 g6 32. Rb1 b6 33. b4 Ra8 34.
Bb5 axb4 35. Rxb4 Kd6 36. Rb1 Ke7 37. Rb4 Kd6 38. Rb2 Ke7 39. Rb4 1/2-1/2

[Event "Bundesliga 0102"]
[Site "Deutschland"]
[Date "2002.02.01"]
[Round "5.4"]
[White "Trisic, Alexandar"]
[Black "Knaak, Rainer"]
[Result "0-1"]
[WhiteElo "2316"]
[BlackElo "2494"]
[PlyCount "70"]
[EventDate "2001.10.06"]
[EventType "team"]
[EventRounds "15"]
[EventCountry "GER"]
[SourceTitle "Bundesliga 0102"]
[Source "DeepChess"]
[SourceDate "2005.01.01"]
[SourceVersion "1"]
[SourceVersionDate "2005.01.01"]
[SourceQuality "1"]
[WhiteTeam "SC Koenigsspringer 1984 Hamburg"]
[BlackTeam "SAbt SV Werder Bremen"]
[WhiteTeamCountry "GER"]
[BlackTeamCountry "GER"]

1. e4 e6 2. d4 d5 3. Nc3 Nf6 4. Bg5 dxe4 5. Nxe4 Be7 6. Bxf6 gxf6 7. Nf3 b6 8.
Bb5+ c6 9. Bd3 Bb7 10. Qe2 Qc7 11. O-O-O Nd7 12. Kb1 O-O-O 13. c4 Kb8 14. Nc3
Rhe8 15. Rhe1 a6 16. Qc2 h6 17. Bf1 f5 18. a3 Bf6 19. g3 c5 20. d5 Ne5 21. Nxe5
Bxe5 22. Bg2 Bd4 23. Re2 h5 24. Rde1 h4 25. Bf3 hxg3 26. hxg3 Rh8 27. Qd3 Bc8
28. dxe6 fxe6 29. Rxe6 Bxf2 30. Nd5 Bxe1 31. Rxe1 Qxg3 32. Re3 Rh6 33. Qb3 Qd6
34. Rd3 f4 35. Nb4 Bf5 0-1

[Event "Bundesliga 0102"]
[Site "Deutschland"]
[Date "2002.02.01"]
[Round "5.5"]
[White "Joachim, Sven"]
[Black "Voigt, Martin"]
[Result "1-0"]
[WhiteElo "2443"]
[BlackElo "2300"]
[PlyCount "141"]
[EventDate "2001.10.06"]
[EventType "team"]
[EventRounds "15"]
[EventCountry "GER"]
[SourceTitle "Bundesliga 0102"]
[Source "DeepChess"]
[SourceDate "2005.01.01"]
[SourceVersion "1"]
[SourceVersionDate "2005.01.01"]
[SourceQuality "1"]
[WhiteTeam "SAbt SV Werder Bremen"]
[BlackTeam "SC Koenigsspringer 1984 Hamburg"]
[WhiteTeamCountry "GER"]
[BlackTeamCountry "GER"]

1. e4 c6 2. d4 d5 3. exd5 cxd5 4. c4 Nf6 5. Nc3 g6 6. cxd5 Bg7 7. Bc4 O-O 8.
Nf3 Nbd7 9. O-O Nb6 10. Bb3 Nfxd5 11. Re1 Be6 12. Rxe6 fxe6 13. Ng5 Nc7 14. Be3
Bf6 15. Qg4 Bxg5 16. Bxg5 Nbd5 17. Re1 Nf6 18. Qh4 Qd6 19. Ne4 Nxe4 20. Rxe4
Nd5 21. f3 Rf5 22. Bd2 Rc8 23. Qe1 Rc6 24. Qe2 Kg7 25. Ba4 Ra6 26. Bb3 Nf6 27.
Rxe6 Qxd4+ 28. Qe3 Qxe3+ 29. Rxe3 Nd5 30. Re4 e6 31. Kf2 Rd6 32. Ke1 Kf6 33.
Ke2 Re5 34. Rxe5 Kxe5 35. g3 Kf6 36. Be1 h5 37. h4 Rc6 38. Bd2 b6 39. Bg5+ Kf7
40. Bd2 Nf6 41. Bc3 Nd5 42. Bd2 b5 43. Kd3 Nb6 44. Be3 a5 45. Bd4 Nd7 46. Kd2
a4 47. Bc2 e5 48. Bc3 Nb6 49. b3 Rd6+ 50. Bd3 a3 51. Bb4 Rd7 52. Bc5 Nc4+ 53.
Kc3 Rc7 54. bxc4 Rxc5 55. Kb4 e4 56. fxe4 Re5 57. cxb5 Ke7 58. Kxa3 Kd6 59. Kb4
g5 60. a4 g4 61. a5 Re7 62. a6 Kc7 63. Ka5 Re5 64. Bc4 Rc5 65. Bf7 Kb8 66. Kb6
Rc7 67. Bxh5 Re7 68. Bxg4 Rxe4 69. a7+ Ka8 70. Bd7 Re6+ 71. Bc6+ 1-0

[Event "Bundesliga 0102"]
[Site "Deutschland"]
[Date "2002.02.01"]
[Round "5.6"]
[White "Von Buelow, Georg"]
[Black "Meins, Gerlef"]
[Result "1/2-1/2"]
[WhiteElo "2298"]
[BlackElo "2415"]
[PlyCount "45"]
[EventDate "2001.10.06"]
[EventType "team"]
[EventRounds "15"]
[EventCountry "GER"]
[SourceTitle "Bundesliga 0102"]
[Source "DeepChess"]
[SourceDate "2005.01.01"]
[SourceVersion "1"]
[SourceVersionDate "2005.01.01"]
[SourceQuality "1"]
[WhiteTeam "SC Koenigsspringer 1984 Hamburg"]
[BlackTeam "SAbt SV Werder Bremen"]
[WhiteTeamCountry "GER"]
[BlackTeamCountry "GER"]

1. e4 c5 2. Nf3 Nc6 3. d4 cxd4 4. Nxd4 Nf6 5. Nc3 d6 6. Bg5 e6 7. Qd2 a6 8.
O-O-O h6 9. Be3 Nxd4 10. Bxd4 b5 11. f3 Qa5 12. Kb1 b4 13. Bxf6 gxf6 14. Ne2
Rb8 15. Nd4 Qc5 16. f4 Be7 17. Bd3 a5 18. Rhf1 Bd7 19. Nb3 Qc7 20. f5 e5 21.
Qe2 a4 22. Nd2 a3 23. Bc4 1/2-1/2

[Event "Bundesliga 0102"]
[Site "Deutschland"]
[Date "2002.02.01"]
[Round "5.7"]
[White "Heissler, Jakob"]
[Black "Berger, Steve"]
[Result "1-0"]
[WhiteElo "2437"]
[BlackElo "2311"]
[PlyCount "65"]
[EventDate "2001.10.06"]
[EventType "team"]
[EventRounds "15"]
[EventCountry "GER"]
[SourceTitle "Bundesliga 0102"]
[Source "DeepChess"]
[SourceDate "2005.01.01"]
[SourceVersion "1"]
[SourceVersionDate "2005.01.01"]
[SourceQuality "1"]
[WhiteTeam "SAbt SV Werder Bremen"]
[BlackTeam "SC Koenigsspringer 1984 Hamburg"]
[WhiteTeamCountry "GER"]
[BlackTeamCountry "GER"]

1. e4 c5 2. Nf3 e6 3. d3 Nc6 4. g3 d5 5. Nbd2 Nf6 6. Bg2 b6 7. O-O Qc7 8. exd5
Nxd5 9. c4 Nde7 10. d4 Bb7 11. Ne4 cxd4 12. Nxd4 Nxd4 13. Qxd4 Nc6 14. Qc3
O-O-O 15. Be3 f5 16. Ng5 Re8 17. c5 bxc5 18. Bxc5 h6 19. Nf3 Bxc5 20. Qxc5 Kb8
21. Rac1 Qb6 22. Ne5 Qxc5 23. Nd7+ Kc7 24. Nxc5 Ba8 25. Rfd1 Re7 26. b4 e5 27.
b5 Nd4 28. Ne6+ Kb6 29. Nxd4 exd4 30. Rxd4 Kxb5 31. Bf1+ Ka5 32. Rb1 Re5 33.
Rd6 1-0

[Event "Bundesliga 0102"]
[Site "Deutschland"]
[Date "2002.02.01"]
[Round "5.8"]
[White "Wendt, Jan Dietrich"]
[Black "Meyer, Claus Dieter"]
[Result "1/2-1/2"]
[WhiteElo "2285"]
[BlackElo "2319"]
[PlyCount "124"]
[EventDate "2001.10.06"]
[EventType "team"]
[EventRounds "15"]
[EventCountry "GER"]
[SourceTitle "Bundesliga 0102"]
[Source "DeepChess"]
[SourceDate "2005.01.01"]
[SourceVersion "1"]
[SourceVersionDate "2005.01.01"]
[SourceQuality "1"]
[WhiteTeam "SC Koenigsspringer 1984 Hamburg"]
[BlackTeam "SAbt SV Werder Bremen"]
[WhiteTeamCountry "GER"]
[BlackTeamCountry "GER"]

1. c4 Nf6 2. g3 c6 3. Nf3 d5 4. b3 Bg4 5. Bg2 e6 6. Bb2 Nbd7 7. O-O Be7 8. d3
O-O 9. Na3 Re8 10. Nc2 Bf8 11. a3 e5 12. b4 dxc4 13. dxc4 Qc7 14. Ne3 Bh5 15.
Qb3 e4 16. Nd4 a6 17. c5 Ne5 18. Rad1 Rad8 19. Qc2 Bg6 20. Ndf5 Neg4 21. Nxg4
Nxg4 22. Bxe4 Rxd1 23. Rxd1 Qc8 24. Bd3 Ne5 25. Bxe5 Rxe5 26. Nd6 Qh3 27. Bxg6
hxg6 28. f3 Re3 29. Qa2 Qd7 30. Kf2 Re7 31. Rd4 Qh3 32. Rh4 Qd7 33. Re4 Rxe4
34. Nxe4 Qd4+ 35. Kg2 Qe3 36. h4 Be7 37. a4 a5 38. bxa5 Bxc5 39. Ng5 Qe7 40.
Qc4 Be3 41. Ne4 Kh8 42. a6 f5 43. Ng5 bxa6 44. Qxa6 Bxg5 45. hxg5 Kh7 46. Qc4
Qe3 47. a5 Qa3 48. a6 c5 49. Kf2 Qa1 50. Ke3 Qe5+ 51. Kd3 Qa1 52. Kc2 Qa3 53.
Qb5 Qa2+ 54. Kc3 Qa1+ 55. Kc4 Qd4+ 56. Kb3 Qd1+ 57. Kc3 Qc1+ 58. Kd3 Qd1+ 59.
Kc4 Qd4+ 60. Kb3 Qd1+ 61. Ka2 Qc2+ 62. Ka3 Qc3+ 1/2-1/2